| 000 | 00545nam a2200193Ia 4500 | ||
|---|---|---|---|
| 003 | GCL | ||
| 008 | 140319s9999 xx 000 0 eng d | ||
| 020 | _a9774248716 | ||
| 040 |
_aGCL / _cGCL |
||
| 082 | 0 | 4 |
_aCC _b305.5633 _bH E |
| 100 | 1 | _aHENRY HABIB AYROUT | |
| 245 | 1 | 0 |
_aTHE EGYPTIAN PEASANT / _cHENRY HABIB AYROUT |
| 260 |
_aالقاهرة : _bTHE AMERICAN UNIVERSITY IN CAIRO PRESS ، _c2005 |
||
| 300 |
_a16 CM ؛ _c167 P |
||
| 650 | 0 | 4 | _aWORKING CLASS |
| 650 | 0 | 4 | _aVILLAGE COMMUNITIES |
| 650 | 0 | 4 | _aPEASANT - EGYPT |
| 942 |
_2ddc _cBK |
||
| 999 |
_c7437 _d7437 |
||